000 00362 a2200157 4500
001 50122
040 _cAnchieta - Bela Vista
100 _aAnchietinha Itaigara
240 1 0 _aO mundo dos mistérios
_lpor
245 1 0 _aO mundo dos mistérios
300 _a25
362 0 _a2016
440 1 _aAnchietinha Itaigara
650 4 _aLiteratura juvenil
942 _cBK
999 _c50122
_d50122